| 000 | 00796nam a22002177a 4500 | ||
|---|---|---|---|
| 003 | OSt | ||
| 005 | 20250421084630.0 | ||
| 008 | 240828b ||||| |||| 00| 0 eng d | ||
| 040 | _c0 | ||
| 082 | _aDPer 570 J826 2021 v. 53 n. 1-5. | ||
| 100 |
_aBorcos, Eva. _eauthor. _959274 |
||
| 245 |
_aThe gamification of elementary school biology : _ba case study on increasing of plants / _cEva Borsos. |
||
| 260 |
_aUnited Kingdom ; _bTaylor & Francis Group, _cNovember 2019. |
||
| 300 |
_avolume 53, pages 492-505, _billustration. |
||
| 500 | _aJournal of Biological Education, v. 53, n. 5, pages 492-505, November 2019. | ||
| 650 | 0 |
_aBiology. _966484 |
|
| 650 | 0 |
_aClassroom Environment. _966485 |
|
| 650 | 0 |
_aStudent Motivation. _966486 |
|
| 700 |
_aBorcos, Eva. _eauthor. _959274 |
||
| 942 |
_2ddc _cPER |
||
| 999 |
_c21001 _d21001 |
||